Ensamble Estandar (Registro nro. 27600)

Detalles MARC
000 -CABECERA
Longitud fija campo de control 00776nam a2200229 a 4500
003 - • IDENTIFICADOR DELl NÚMERO DE CONTROL
Identificador del número de control CO-ViMGA
008 - • CÓDIGOS DE INFORMACIÓN DE LONGITUD FIJA
Códigos de información de longitud fija 141112s2004 ck r 000 u spa d
020 ## - • NÚMERO INTERNACIONAL NORMALIZADO PARA LIBROS
Número Internacional Normalizado para Libros (ISBN) 9587001184
040 ## - FUENTE DE LA CATALOGACIÓN
Centro catalogador de origen CO-ViMGA
Lengua de catalogación spa
Centro transcriptor CO-ViMGA
082 04 - • NÚMERO DE LA CLASIFICACIÓN DECIMAL DEWEY
Número de clasificación (R) MEVIGAPOR D124e
100 1# - • PUNTO DE ACCESO PRINCIPAL-NOMBRE DE PERSONA
Nombre de persona Dackar, Henry
245 10 - • TITULO PROPIAMENTE DICHO
Título Ensamble Estandar
300 ## - • DESCRIPCIÓN FÍSICA
Extensión 94 p.
490 ## - • MENCIÓN DE SERIE
Mención de serie Cursos autoasistidos de computacion PHD; Ensamble y Mantenimiento
505 ## - • NOTA DE CONTENIDO CON FORMATO
Nota de contenido con formato Partes, Conectores, Puertos 6 - - Setup Bios 18 - - MotherBoard 28 - - MainBoard 38
590 ## - NOTAS LOCALES
Nota local Forma de adquisición : donacion Min - Cultura
650 14 - • PUNTO DE ACCESO ADICIONAL DE MATERIA - TÉRMINO DE MATERIA
Término de materia o nombre geográfico como elemento inicial COMPUTADORES - MANTENIMIENTO Y REPARACION
650 14 - • PUNTO DE ACCESO ADICIONAL DE MATERIA - TÉRMINO DE MATERIA
Término de materia o nombre geográfico como elemento inicial ENSAMBLAJE
942 ## - ENTRADA DE ELEMENTOS AGREGADOS (KOHA)
Fuente de clasificaión o esquema Dewey Decimal Classification
Koha [por defecto] tipo de item LIbro
Existencias
Perdido Fuente de clasificación o esquema Estado Físico No para préstamo Forma de adquisición Localización permanente Localización actual Fecha adquisición Serie de enumeración / cronolog&íacute;a Préstamos totales Signatura completa Código de barras Fecha última consulta Número de copia Fecha del precio de reemplazo Tipo de item de Koha Localización en estanterías Número de registro
  Dewey Decimal Classification     Colección General Biblioteca Pública Lejanias Biblioteca Pública Lejanias 07/10/2025     MEVIGAPOR D124e LEJ00432 07/10/2025 Ej.1 07/10/2025 LIbro General  
  Dewey Decimal Classification     Sala Especializada Tercer Piso Biblioteca Pública Germán Arciniegas - Villavicencio Biblioteca Pública Germán Arciniegas - Villavicencio 12/04/2015 Volumen. 1 | 11/jun/2009   004 D124e 18245 12/04/2015 Ej. 1 12/04/2015 LIbro    
  Dewey Decimal Classification       Biblioteca Pública San Juan de Arama - Concepción de Arama Biblioteca Pública San Juan de Arama - Concepción de Arama 05/07/2025     004.24 D11e SJA00143 05/07/2025 Ej.1 05/07/2025 LIbro    
  Dewey Decimal Classification       Biblioteca Pública Vistahermosa Biblioteca Pública Vistahermosa 07/22/2025     MEVIGAPOR D124e VIST 0002660 07/22/2025 Ej.1 07/22/2025 LIbro   004.24 EJ.1









Instituto Departamental de Cultura del Meta - Red Departamental de Bibliotecas Públicas del Meta.